Survey (Record no. 84223)
[ view plain ]
| 000 -LEADER | |
|---|---|
| fixed length control field | 00994cab a22001935a 4500 |
| 001 - CONTROL NUMBER | |
| control field | L156995 |
| 008 - FIXED-LENGTH DATA ELEMENTS--GENERAL INFORMATION | |
| fixed length control field | 120807e2012 xxk 000 0 eng d |
| 035 ## - SYSTEM CONTROL NUMBER | |
| System control number | (Sirsi) u156995 |
| 041 0# - LANGUAGE CODE | |
| Language code of text/sound track or separate title | eng |
| 110 2# - MAIN ENTRY--CORPORATE NAME | |
| Corporate name or jurisdiction name as entry element | EuroProperty |
| 9 (RLIN) | 1216 |
| 245 00 - TITLE STATEMENT | |
| Title | Survey |
| Remainder of title | London |
| 260 ## - PUBLICATION, DISTRIBUTION, ETC. | |
| Date of publication, distribution, etc. | 2012 |
| 490 #0 - SERIES STATEMENT | |
| Series statement | EuroProperty |
| Volume/sequential designation | 6 August 2012, 17-21(5) |
| 520 ## - SUMMARY, ETC. | |
| Summary, etc. | London's City and Docklands office markets appear flat but some major deals are still being done. UK and overseas investors clamour for West End trophy commercial properties as rents continue to climb. Impact of Eurozone problems on prime retail will be short-lived as demand for central London shops outweighs supply in the major shopping streets. Olympics has brought on a flush of transport infrastructure investment. Olympic tourism has boosted demand in London's thriving hotel sector with London continuing to outpace other European hotel markets. |
| 590 ## - LOCAL NOTE (RLIN) | |
| Local note | KA |
| 651 #4 - SUBJECT ADDED ENTRY--GEOGRAPHIC NAME | |
| Geographic name | London |
| 690 ## - LOCAL SUBJECT ADDED ENTRY--TOPICAL TERM (OCLC, RLIN) | |
| Topical term or geographic name as entry element | Commercial property |
| 9 (RLIN) | 6227 |
| 942 ## - ADDED ENTRY ELEMENTS (KOHA) | |
| Suppress in OPAC | 0 |
| Withdrawn status | Lost status | Source of classification or shelving scheme | Damaged status | Not for loan | Home library | Current library | Shelving location | Date acquired | Total Checkouts | Full call number | Barcode | Date last seen | Copy number | Price effective from | Koha item type |
|---|---|---|---|---|---|---|---|---|---|---|---|---|---|---|---|
| Dewey Decimal Classification | London | London | Journal article | 07/08/2012 | L156995 | 156995-1001 | 06/08/2019 | 1 | 06/08/2019 | Journal article |